000 00374nam a22001697a 4500
005 20160615143635.0
008 160615b xxu||||| |||| 00| 0 eng d
020 _a81-7224-863-6
041 _aeng
082 _b7783
100 _aTimpe, a Dale
_91998
245 _aCreativity
260 _bJaico Books
_c2001
300 _a371
650 _aManagement
_9241
942 _cBK
999 _c2792
_d2791